| 000 | 00793nam a22001937a 4500 | ||
|---|---|---|---|
| 999 |
_c18589 _d18589 |
||
| 003 | BDDh-ASL | ||
| 005 | 20231015025721.0 | ||
| 008 | 201015s1959 b ||||| |||| 00| 0 b d | ||
| 040 |
_aBDDh-ASL _cBDDh-ASL |
||
| 041 | _aben | ||
| 082 |
_a370 _bJAT |
||
| 110 | 1 |
_91427 _aপাকিস্তান সরকার শিক্ষা দফতর |
|
| 245 |
_aজাতীয় শিক্ষা কমিশনের রিপোর্ট / _cপাকিস্তান সরকার শিক্ষা দফতর |
||
| 246 | _aJatiya Shikkha Commission Report. | ||
| 260 |
_aকরাচী : _b ম্যানেজার, _c1959. |
||
| 300 |
_a৪৩২ পৃ. ; _c২৪ সে. মি. |
||
| 650 | 0 |
_91399 _aশিক্ষা _zপাকিস্তান |
|
| 942 |
_2ddc _cBK |
||